01006nam a22002657a 45000010011000000030009000110050017000200070011000370080048000480200015000960400022001110920017001331000024001502450197001742600034003713000031004057000023004367000035004597000040004949420012005349450028005469520111005749560040006859990015007250000013007DO-SdBNP20180307125515.00000013007160504b 1985 sp xxu||||| |||| 00| 0 spa d a8429423443 aBPMSUbspacBPMSU axxxxxbxxxxx1 aPiédrola, Eduardo10aReligión 8 :beducación general básica / cEduardo Piédrola, Jesús Olóriz ; dirección editorial, Julián Abad ; ilustraciones, José Pérez Montero, Santiago Martín Salvador aMadrid :bSantillana, c1985. a144 p. : bil. ; c25 cm. 1 aOlóriz, Jesús;12aPérez Montero, José,eil. 12aMartín Salvador, Santiago, eil.  2ddccBK ainventariado, 2018 / dg 00102ddc4070aBPMETbBPMETd2016-05-04eDonaciónl0pBPMSU16050030r2016-05-04tej. 1w2016-05-04yBK 2LOPEREZ3106201605048BPMSUa00041 c9992d9992